LIBRARY & INFORMATION CENTRE, KCAET, TAVANUR

ONLINE PUBLIC ACCESS CATALOGUE (OPAC)

Mechanical world electrical year book (Record no. 6888)

MARC details
000 -LEADER
fixed length control field 00927cam a2200181ua 4500
041 ## - LANGUAGE CODE
Language code of text/sound track or separate title eng
082 ## - DEWEY DECIMAL CLASSIFICATION NUMBER
Classification number 028.75621
Item number EMM/ME
245 ## - TITLE STATEMENT
Title Mechanical world electrical year book
250 ## - EDITION STATEMENT
Edition statement 1 /
260 ## - PUBLICATION, DISTRIBUTION, ETC. (IMPRINT)
Place of publication Manchesters :
Name of publisher Emmott and company limited ,
Year of publication 1966.
300 ## - PHYSICAL DESCRIPTION
Number of Pages 360 ; .
942 ## - ADDED ENTRY ELEMENTS (KOHA)
Koha item type Books
Holdings
Withdrawn status Lost status Damaged status Home library Current library Date acquired Full call number Accession Number Koha item type
      KAUAET   07/04/2012 028.75621 10904 Books
free website counter